000 00427nam a22001217a 4500
082 _a200 THE
100 _aNosheen Sabahat
_969977
245 _aTH-SOF-1369-Software Size Estimation Model for Board-Based Desktop Games
260 _aIslamabad
_bNUST College of EME
_c2017
650 _aPHD SOFTWARE ENGINEERING-2017 PHD
_969978
700 _a Supervisor Dr. Farooque Azam Co-Supervisor Dr. Ali Afzal Malik
_969979
942 _cCF
999 _c577045
_d577045